Italie 1 - 1 Angleterre (EURO 2020) - Statistiques

Statistiques générales
  • Ce quiz a été pris 88 fois
  • Le résultat moyen est 24 sur 35
Statistiques - réponses
Poste Club Joueur % Correct
Gardien de but AC Milan Gianluigi Donnarumma
100%
Défenseur central Juventus Giorgio Chiellini
91%
Défenseur central Juventus Leonardo Bonucci
91%
Milieu gauche Paris Saint-Germain Marco Verratti
90%
Avant-centre Tottenham Hotspur Harry Kane
88%
Défenseur central Manchester City John Stones
88%
Gardien de but Everton FC Jordan Pickford
88%
Ailier droit remplaçant (71') Arsenal FC Bukayo Saka
85%
Défenseur central Manchester United Harry Maguire
84%
Ailier gauche remplaçant (120') Manchester United Marcus Rashford
83%
Ailier gauche remplaçant (120') Borussia Dortmund Jadon Sancho
81%
Milieu défensif Chelsea FC Jorginho
81%
Ailier droit Juventus Federico Chiesa
79%
Avant-centre SS Lazio Ciro Immobile
78%
Milieu droit Inter Nicolò Barella
78%
Ailier gauche Manchester City Raheem Sterling
78%
Défenseur central Manchester City Kyle Walker
75%
Milieu central West Ham United Declan Rice
73%
Latéral droit Atlético de Madrid Kieran Trippier
72%
Latéral gauche Manchester United Luke Shaw
72%
Ailier gauche SSC Napoli Lorenzo Insigne
65%
Latéral droit SSC Napoli Giovanni Di Lorenzo
64%
Milieu central remplaçant (74') Liverpool FC Jordan Henderson
64%
Milieu central Leeds United FC Kalvin Phillips
64%
Ailier gauche remplaçant (99') Aston Villa FC Jack Grealish
62%
Coach Angleterre Gareth Southgate
59%
Latéral gauche Chelsea FC Emerson
57%
Ailier gauche remplaçant (55') US Sassuolo Domenico Berardi
51%
Coach Italie Roberto Mancini
46%
Avant-centre remplaçant (90+1') Torino FC Andrea Belotti
41%
Ailier droit Chelsea FC Mason Mount
38%
Ailier droit remplaçant (86') Juventus Federico Bernardeschi
30%
Milieu gauche remplaçant (96') US Sassuolo Manuel Locatelli
26%
Latéral gauche remplaçant (118') AS Roma Alessandro Florenzi
23%
Milieu droit remplaçant (54') AS Roma Bryan Cristante
23%
Aucun quiz correspondant
Distribution des résultats
% des personnes avec chaque résultat
Percentile par nombre de réponses
Votre historique - résultats
Vous n’avez pas pris ce quiz